[Event "Harrogate 4NCL op-B 31st"]
[Site "Harrogate"]
[Date "2024.01.19"]
[Round "1"]
[White "Stokes, Michael"]
[Black "Williamson, Graham A"]
[Result "1-0"]
[WhiteElo "1960"]
[BlackElo "1787"]
[PlyCount "68"]
[EventDate "2024.01.19"]
[EventType "swiss"]
[EventRounds "5"]
[EventCountry "ENG"]
[SourceTitle "CB06_2024"]
[SourceDate "2024.02.07"]
[SourceVersion "1"]
[SourceVersionDate "2024.02.07"]
[SourceQuality "1"]

1. e4 e6 2. d4 d5 3. Nc3 Bb4 4. Nge2 Ne7 5. Bg5 f6 6. Be3 0-0 7. a3 Ba5 8. b4 Bb6 9. f3 e5 10. Qd2 f5 11. dxe5 Bxe3 12. Qxe3 fxe4 13. fxe4 dxe4 14. Ng3 Bg4 15. Bc4+ Kh8 16. h3 Nf5 17. Nxf5 Bxf5 18. 0-0 Nc6 19. Bd5 Nxe5 20. Bxb7 Rb8 21. Bd5 c6 22. Bb3 Qc7 23. Nxe4 a5 24. bxa5 Bxe4 25. Rxf8+ Rxf8 26. Qxe4 Qxa5 27. Re1 Ng6 28. a4 Qc5+ 29. Qe3 Qb4 30. Rd1 Nf4 31. Kh2 Qa5 32. Rf1 Qf5 33. a5 h5 34. a6 Qg5 1-0

[Event "Harrogate 4NCL op-B 29th"]
[Site "Harrogate"]
[Date "2023.01.20"]
[Round "1"]
[White "Williamson, Graham A"]
[Black "Ashcroft, Graham J"]
[Result "1-0"]
[WhiteElo "1807"]
[BlackElo "1959"]
[PlyCount "113"]
[EventDate "2023.01.20"]
[EventType "swiss"]
[EventRounds "5"]
[EventCountry "ENG"]
[SourceTitle "CBM 212 Extra"]
[Source "ChessBase"]
[SourceDate "2023.03.31"]
[SourceVersion "1"]
[SourceVersionDate "2023.03.31"]
[SourceQuality "1"]

1. d4 f5 2. Bf4 Nf6 3. e3 g6 4. Nf3 Bg7 5. c3 0-0 6. Nbd2 d6 7. Qc2 Nc6 8. Be2 e6 9. h3 Qe7 10. 0-0-0 e5 11. dxe5 dxe5 12. Bh2 e4 13. Nd4 Nxd4 14. exd4 c5 15. Bc4+ Kh8 16. Nb3 cxd4 17. Nxd4 Bd7 18. Nb5 Bxb5 19. Bxb5 Rfd8 20. Rxd8+ Rxd8 21. Rd1 Rxd1+ 22. Qxd1 a6 23. Bc4 b5 24. Bb3 Nd7 25. Qd5 Bh6+ 26. Kb1 Kg7 27. Bd6 Qe8 28. Qb7 Bg5 29. Qxa6 e3 30. fxe3 Qe4+ 31. Ka1 Qd3 32. a4 Bxe3 33. Qc6 Nf6 34. Be5 Bg5 35. axb5 Qe3 36. Bd4 Qe1+ 37. Ka2 Qe7 38. b6 Bf4 39. b7 Bd6 40. Qc8 Qc7 41. Qxc7+ Bxc7 42. Be6 Bb8 43. c4 h6 44. b4 g5 45. Bxf5 Kf7 46. Bxf6 Kxf6 47. Be4 Ke5 48. Bf3 Kd4 49. Kb3 Ba7 50. Bd5 Ke5 51. Ka4 Kd6 52. Kb5 Kc7 53. c5 h5 54. Ka6 Bb8 55. b5 g4 56. b6+ Kd7 57. c6+ 1-0

[Event "Harrogate 4NCL op-B 27th"]
[Site "Harrogate"]
[Date "2022.01.22"]
[Round "3"]
[White "O'Gorman, Brendan"]
[Black "Williamson, Graham A"]
[Result "1/2-1/2"]
[WhiteElo "1880"]
[BlackElo "1839"]
[PlyCount "27"]
[EventDate "2022.01.21"]
[EventType "swiss"]
[EventRounds "5"]
[EventCountry "ENG"]
[SourceTitle "CBM 206 Extra"]
[Source "ChessBase"]
[SourceDate "2022.03.31"]
[SourceVersion "1"]
[SourceVersionDate "2022.03.31"]
[SourceQuality "1"]

1. Nf3 d5 2. c4 c6 3. g3 Nf6 4. Bg2 e6 5. Qc2 Be7 6. 0-0 0-0 7. d4 Ne4 8. Nfd2 f5 9. f3 Nf6 10. cxd5 exd5 11. Nc3 Kh8 12. Nb3 Na6 13. a3 Be6 14. Bf4 1/2-1/2

[Event "Harrogate 4NCL op-B 27th"]
[Site "Harrogate"]
[Date "2022.01.21"]
[Round "1"]
[White "Ashcroft, Graham J"]
[Black "Williamson, Graham A"]
[Result "1-0"]
[WhiteElo "1968"]
[BlackElo "1839"]
[PlyCount "27"]
[EventDate "2022.01.21"]
[EventType "swiss"]
[EventRounds "5"]
[EventCountry "ENG"]
[SourceTitle "CBM 206 Extra"]
[Source "ChessBase"]
[SourceDate "2022.03.31"]
[SourceVersion "1"]
[SourceVersionDate "2022.03.31"]
[SourceQuality "1"]

1. c4 f5 2. g3 Nf6 3. Bg2 e6 4. Nf3 Be7 5. 0-0 0-0 6. Nc3 d6 7. d3 Qe8 8. e4 e5 9. exf5 Nc6 10. d4 Bxf5 11. dxe5 dxe5 12. Nd5 Bc5 13. Nxf6+ Rxf6 14. Qd5+ 1-0

[Event "Harrogate 4NCL op-B 21st"]
[Site "Harrogate"]
[Date "2019.01.19"]
[Round "2"]
[White "Williamson, Graham A"]
[Black "Bielby, Paul R"]
[Result "0-1"]
[WhiteElo "1799"]
[BlackElo "1907"]
[PlyCount "84"]
[EventDate "2019.01.18"]
[EventType "swiss"]
[EventRounds "5"]
[EventCountry "ENG"]
[SourceTitle "CBM 188 Extra"]
[Source "ChessBase"]
[SourceDate "2019.02.26"]
[SourceVersion "1"]
[SourceVersionDate "2019.02.26"]
[SourceQuality "1"]

1. d4 Nf6 2. Bf4 d5 3. e3 c5 4. c3 Nc6 5. Bd3 e6 6. a3 Be7 7. Nd2 h6 8. Ngf3 Nh5 9. Bg3 Nxg3 10. hxg3 Bd7 11. Qe2 Qc7 12. Rc1 c4 13. Bc2 f5 14. Nh4 0-0-0 15. Ng6 Rhe8 16. Nxe7+ Rxe7 17. f4 Be8 18. Kf2 h5 19. b3 b5 20. a4 a6 21. axb5 axb5 22. bxc4 bxc4 23. Ra1 Kd7 24. Nf3 Rb8 25. Ba4 Kd8 26. Bxc6 Qxc6 27. Ne5 Qb6 28. Ra2 Reb7 29. Rxh5 Bxh5 30. Qxh5 Re7 31. Qh4 Qb7 32. Ng6 Ke8 33. Ra6 Kf7 34. Nxe7 Qxa6 35. Qg5 Rb2+ 36. Kg1 Qa2 37. Qg6+ Kxe7 38. Qxg7+ Kd6 39. Qe5+ Kd7 40. Qg7+ Kc6 41. Qh6 Qb1+ 42. Kh2 Qe4 0-1

[Event "Harrogate 4NCL op-B 17th"]
[Site "Harrogate"]
[Date "2018.01.20"]
[Round "2"]
[White "Ter Gevorkian, Aram"]
[Black "Williamson, Graham A"]
[Result "1-0"]
[WhiteElo "1939"]
[BlackElo "1801"]
[PlyCount "47"]
[EventDate "2018.01.19"]
[EventType "swiss"]
[EventRounds "5"]
[EventCountry "ENG"]
[SourceTitle "CBM 182 Extra"]
[Source "ChessBase"]
[SourceDate "2018.02.23"]
[SourceVersion "1"]
[SourceVersionDate "2018.02.23"]
[SourceQuality "1"]

1. e4 d6 2. d4 g6 3. f4 Bg7 4. Nc3 f5 5. e5 c6 6. Nf3 h6 7. Bd3 e6 8. Be3 d5 9. Ne2 b6 10. g4 Ba6 11. gxf5 Bxd3 12. Qxd3 exf5 13. Rg1 Ne7 14. Nh4 0-0 15. Nxg6 Nxg6 16. Rxg6 Qh4+ 17. Kd2 Qh5 18. Rag1 Rf7 19. R6g2 b5 20. Ng3 Qg6 21. Nxf5 Qxf5 22. Rxg7+ Kf8 23. Rxf7+ Qxf7 24. f5 1-0